| 000 | 01190cam a22001934a 4500 | ||
|---|---|---|---|
| 005 | 20250605163958.0 | ||
| 008 | 250528s ||||||||||||||||||||||||d | ||
| 035 | _a15544 | ||
| 020 | _a13590078 | ||
| 040 |
_aGR-AtMCL _bgre _dGR-AtMCL _eAACR2 |
||
| 245 | 1 | _aData Communications and Networking Fundamentals Using Novell Netware (4.11) | |
| 260 |
_bPrentice Hall, _c1999 |
||
| 300 | _a500 | ||
| 520 | _aThis book consists of 16 chapters that provide the essential terminology and concepts for understanding data communications and networking. Introduction to Communication Concepts, Basic Communication Concepts and Hardware, Advanced Communication Hardware, Communication Media, Network Basis, Local Area Networks, Network Design Fundamentals, Introduction to Novell NetWare 4, NetWare 4 Installation, Novell Directory Services, Creating the User Account and Mappings and Logic Scripts, File System Security and Organization, Network Printing, NDS Security, Backing Up NetWare 4.11, Troubleshooting Methodology and Tidbits, Where to Get Product Information and Technical Support, Glossary, Index. | ||
| 700 | 1 |
_aBeheler Ann _91499 |
|
| 942 | _cBK | ||
| 999 |
_c1118 _d1118 |
||